000 00885cam a22002534a 4500
001 11976513
005 20180129070404.0
008 000417s2000 vau b 000 0 eng
010 _a 00032109
020 _a0873534808
040 _aDLC
_cDLC
_dDLC
041 _aeng
042 _apcc
043 _an-us---
080 _a510..71 hel
082 0 0 _a510..71 hel
_221
100 _a37
101 _amat
245 0 0 _aPrinciples and standards for school mathematics.
504 _aIncludes bibliographical references (p. 383-390).
906 _a7
_bcbc
_corignew
_d1
_eocip
_f20
_gy-gencatlg
942 _2ddc
_cBK
999 _c41151
_d41151